000 00747nam a22002657a 4500
001 00261
003 DO-SdBNP
005 20180223140655.0
007 00261
008 151209b 1979 sp |||| |||| 00| 0 spa d
020 _a8434804085
040 _aBPMSU
_bspa
_cBPMSU
092 _axxxxx
_bxxxxx
100 1 _aEspiñeira de la Torre, Ramona
_d
245 1 0 _aNarraciones y leyendas /
_c Ramona Espiñeira de la Torre ; ilustraciones Julio Montañés
260 _aMadrid :
_b SM,
_c1979
300 _a221 p. ;
_c19 cm.
490 _aBiblioteca de Oro Juvenil
700 _aMontañés, Julio
_eil.
830 0 _a
910 _a
942 _2ddc
_cBK
945 _aInventariado, 2018 / BT
956 _aVMATEO
_b10
_220160418
_3BPMSU
_60069
999 _c9834
_d9834